The World's Top 5 "Wildest" Countries - Statistics

General Stats
  • This quiz has been taken 127 times
  • The average score is 4 of 5
Answer Stats
Hint Country % Correct
Home of the Amazon Rain Forest Brazil
97%
Home of the Rocky Mountains United States
93%
Has more wilderness areas than any other country on earth Russia
87%
Home of Uluru Australia
83%
Has the world's largest boreal forest Canada
81%
No matching quizzes found
Score Distribution
Percent of People with Each Score
Percentile by Number Answered
Your Score History
You have not taken this quiz